Online
Catalog

Santo Domingo dilucidaciones históricas / (Record no. 30092)

MARC details
000 -CABECERA
campo de control de longitud fija 00651nam a2200181 a 4500
001 - NÚMERO DE CONTROL
campo de control 000030600
005 - FECHA Y HORA DE LA ÚLTIMA TRANSACCIÓN
campo de control 20250219104747.0
008 - DATOS DE LONGITUD FIJA--INFORMACIÓN GENERAL
campo de control de longitud fija 110524s1978 dr ac 000 | spa d
040 ## - FUENTE DE LA CATALOGACIÓN
Centro catalogador/agencia de origen DO-SdBNP
Lengua de catalogación spa
Centro/agencia transcriptor BNPHU
082 ## - NÚMERO DE LA CLASIFICACIÓN DECIMAL DEWEY
Número de clasificación xxx
Número de documento/Ítem U92s
049 ## - FONDOS LOCALES (OCLC)
Fondos de biblioteca BNPD
100 1# - ENTRADA PRINCIPAL--NOMBRE DE PERSONA
Nombre de persona Cipriano,
Fechas asociadas al nombre 1886-1958
Títulos y otros términos asociados al nombre de Utrera, fray,
9 (RLIN) 50420
245 10 - MENCIÓN DE TÍTULO
Título Santo Domingo dilucidaciones históricas /
Mención de responsabilidad, etc. Fray Cipriano de Utrera ; introducción de Jorge Tena Reyes.
250 ## - MENCIÓN DE EDICIÓN
Mención de edición Ed. facsím.
260 ## - PUBLICACIÓN, DISTRIBUCIÓN, ETC.
Lugar de publicación, distribución, etc. Santo Domingo :
Nombre del editor, distribuidor, etc. Secretaría de Estado de Educación Bellas Artes y Cultos,
Fecha de publicación, distribución, etc. 1978.
300 ## - DESCRIPCIÓN FÍSICA
Extensión v. :
Otras características físicas il., retrs. ;
Dimensiones 21 cm.
700 1# - PUNTO DE ACCESO ADICIONAL--NOMBRE DE PERSONA
Nombre de persona Tena Reyes, Jorge,
Término indicativo de función/relación introd.
9 (RLIN) 8252
Holdings
Estado de retiro Estado de pérdida No para préstamo Código de colección Localización permanente Ubicación/localización actual Ubicación en estantería Fecha de adquisición Número de inventario Total de préstamos Signatura topográfica completa Código de barras Fecha visto por última vez Precio válido a partir de Tipo de ítem Koha Restricciones de uso Nota pública
    Excluido de préstamo Patrimonio Dominicano Patrimonio Dominicano Patrimonio Dominicano En catalogación 31.01.2012 LF1   v. 1, e. 2 30600-20 25.06.2020 25.06.2020 Libro y Folleto Colección Patrimonio Dominicano    
    Excluido de préstamo Raros y valiosos Patrimonio Dominicano Patrimonio Dominicano Depósito 24.05.2011 LF1   v. 1 30600-10 25.06.2020 25.06.2020 No se presta   Perteneció a la biblioteca personal de Aída Cartagena Portalatín.

Powered by Koha